Lettere dal fronte a Mario Puccini /

Letters, published for the first time.

Bibliographic Details
Main Author: Ungaretti, Giuseppe, 1888-1970 (Author)
Other Authors: Puccini, Mario, 1887-1957, De Nicola, Francesco (Editor)
Format: Book
Language:Italian
Published: Milano : Archinto, [2015]
Subjects:

MARC

Tag First Indicator Second Indicator Subfields
LEADER 00000cam a2200000Mi 4500
001 in00003532221
005 20151105224533.0
008 150116s2015 it b 001 0dita d
020 |a 9788877686718  |q (pbk.) 
020 |a 8877686715  |q (pbk.) 
035 |a (OCoLC)ocn907638888 
035 |a (OCoLC)907638888 
040 |a C3L  |b eng  |c C3L  |d OCLCO  |d EYM  |d OCLCO  |d SYB  |d TXA  |d UtOrBLW 
043 |a e-it--- 
049 |a TXAM 
050 1 4 |a PQ4845.N4  |b Z475 2015 
082 1 4 |a 851  |2 14 
100 1 |a Ungaretti, Giuseppe,  |d 1888-1970,  |e author. 
245 1 0 |a Lettere dal fronte a Mario Puccini /  |c Giuseppe Ungaretti ; a cura di Francesco De Nicola. 
264 1 |a Milano :  |b Archinto,  |c [2015] 
264 4 |c ©2015 
300 |a 68 pages ;  |c 20 cm. 
336 |a text  |b txt  |2 rdacontent 
337 |a unmediated  |b n  |2 rdamedia 
338 |a volume  |b nc  |2 rdacarrier 
520 8 |a Letters, published for the first time. 
500 |a Includes introductory text (pages 5-14) by the editor. 
504 |a Includes bibliographical references and name index. 
600 1 0 |a Ungaretti, Giuseppe,  |d 1888-1970  |v Correspondence. 
600 1 0 |a Puccini, Mario,  |d 1887-1957  |v Correspondence. 
650 0 |a Authors, Italian  |y 20th century  |v Correspondence. 
650 0 |a Soldiers  |z Italy  |v Correspondence. 
700 1 |a Puccini, Mario,  |d 1887-1957. 
700 1 |a De Nicola, Francesco,  |e editor. 
994 |a C0  |b TXA 
948 |a cataloged  |b h  |c 2015/7/14  |d c  |e jlanham  |f 9:23:48 am 
999 |a MARS 
999 f f |s cd0f0ec9-7f08-3a17-b74a-d78993adab24  |i a723724c-13c9-31b3-81c5-0953131c0494  |t 0 
952 f f |p normal  |a Texas A&M University  |b College Station  |c Sterling C. Evans Library  |d Evans: Library Stacks  |t 0  |e PQ4845.N4 Z475 2015  |h Library of Congress classification  |i unmediated -- volume  |m A14843135790 
998 f f |a PQ4845.N4 Z475 2015  |t 0  |l Evans: Library Stacks